00378nam a2200109Ia 4500008004100000020001800041245008600059260007700145300002000222650001300242650001300255191111s9999 xx 000 0 und d a9789292571351 aIntegrating SMEs into global value chains challenges and policy actions in asia / aManila :bAsian Development bank, Asian Development Bank Institutec2015 axiv, 159 pages. aBusiness aCommerce